ბათუმის შოთა რუსთაველის სახელმწიფო უნივერსიტეტის ბიბლიოთეკა

ლინგვოკულტუროლოგიური ძიებანი : (ბიბ.ჩანაწერი № 35470)

000 -ლიდერი
ფიქსირებული სიგრძის საკონტროლო ველი 02374nam a2200253Ia 4500
001 - საკონტროლო ნომერი
საკონტროლო ველი 1329
003 - საკონტროლო ნომრის იდენტიფიკატორი
საკონტროლო ველი GE_BSU
005 - ბოლო ოპერაციის თარიღი და დრო
საკონტროლო ველი 20190530211306.0
008 - ფიქსირებული სიგრძის მონაცემთა ელემენტები - ზოგადი ინფორმაცია
ფიქსირებული სიგრძის საკონტროლო ველი 181216s2011||||ge |||||||||||||| ||geo||
040 ## - კატალოგიზაციის წყარო
Transcribing agency GE_BSU
041 ## - ენის კოდი
Language code of text/sound track or separate title geo
080 ## - უნივერსალური ათობითი კლასიფიკაციის ინდექსი
Universal Decimal Classification number 81(063(479.223+008(063)(079.223) ლ–63
245 ## - ცნობა სათაურის შესახებ
Title ლინგვოკულტუროლოგიური ძიებანი :
Remainder of title 2010 : პირველი საერთაშორისო კონფერენცია ლინგვოკულტუროლოგიასა და ანთროპოლოგიაში /
Statement of responsibility, etc საქართველოს განათლებისა და მეცნიერების სამინისტრო ; შოთა რუსთაველის სახელმწიფო უნივერსიტეტი, ქართველი ხალხის სოციოკულტურული ანთროპოლოგიისა და ეთნოლინგვისტური კვლევების საერთაშორისო ცენტრი ; რედ.: იზა ჩანტლაძე, ეთერ სოსელია, ნუგზარ მგელაძე.
264 ## - წარმოების, გამოცემის, დისტრიბუციის და სხვა ცნობები
გამოცემის, წარმოების, დისტრიბუციის... ადგილი ბათუმი :
გამოცემის, წარმოების, დისტრიბუციის... სახელწოდება შოთა რუსთაველის სახ.უნ–ტი:
გამოცემის, წარმოების, დისტრიბუციის... თარიღი 2011.
300 ## - ფიზიკური აღწერა
Extent 308 გვ.;
Other physical details 28 სმ.
653 ## - INDEX TERM--UNCONTROLLED
Uncontrolled term ლინგვოკულტუროლოგია
653 ## - INDEX TERM--UNCONTROLLED
Uncontrolled term ანთროპოლოგია
700 ## - ADDED ENTRY--PERSONAL NAME
Personal name ჩანტლაძე, იზა
Relator term რედაქტორი
9 (RLIN) 14
700 ## - ADDED ENTRY--PERSONAL NAME
Personal name სოსელია, ეთერ
Relator term რედაქტორი
9 (RLIN) 1896
700 ## - ADDED ENTRY--PERSONAL NAME
Personal name მგელაძე, ნუგზარ
Relator term რედაქტორი
9 (RLIN) 1897
710 ## - ADDED ENTRY--CORPORATE NAME
Corporate name or jurisdiction name as entry element საქართველოს განათლებისა და მეცნიერების სამინისტრო
9 (RLIN) 1898
710 ## - ADDED ENTRY--CORPORATE NAME
Corporate name or jurisdiction name as entry element შოთა რუსთაველის სახელმწიფო უნივერსიტეტი
Subordinate unit ქართველი ხალხის სოციოკულტურული ანთროპოლოგიისა და ეთნოლინგვისტური კვლევების საერთაშორისო ცენტრი
9 (RLIN) 1899
942 ## - ADDED ENTRY ELEMENTS (KOHA)
Koha item type წიგნი
Source of classification or shelving scheme
ეგზემპლარები
ჩამოწერის სტატუსი დაკარგული ეგზემპლარის სტატუსი კლასიფიკაციის წყარო ან თაროზე გაწყობის სქემა დაზიანების სტატუსი არ გაიცემა მუდმივი მდებარეობა (დაცვის ადგილი) ამჟამინდელი ადგილსამყოფელი თაროზე განთავსების ადგილი შეძენის თარიღი ღირებულება, შესყიდვის ნორმალური ფასი სრული შენახვის შიფრი შტრიხკოდი ბოლო ოპერაციის თარიღი ეგზემპლარის მიმდევრობითი ნომერი (კეტერი?) ფასის ძალაში შესვლის თარიღი ეგზემპლარის სახეობა საჯარო შენიშვნა
          ბათუმის შოთა რუსთაველის სახელმწიფო უნივერსიტეტის მთავარი ბიბლიოთეკა ბათუმის შოთა რუსთაველის სახელმწიფო უნივერსიტეტის მთავარი ბიბლიოთეკა წიგნსაცავი 2018-12-17 15.00 81(063(479.223+008(063)(079.223) ლ–63 2952 2018-12-17 2952 2018-12-17 წიგნი 15 ლ.
          ბათუმის შოთა რუსთაველის სახელმწიფო უნივერსიტეტის მთავარი ბიბლიოთეკა ბათუმის შოთა რუსთაველის სახელმწიფო უნივერსიტეტის მთავარი ბიბლიოთეკა წიგნსაცავი 2018-12-17 15.00 81(063(479.223+008(063)(079.223) ლ–63 3107 2018-12-17 3107 2018-12-17 წიგნი 15 ლ.
          ბათუმის შოთა რუსთაველის სახელმწიფო უნივერსიტეტის მთავარი ბიბლიოთეკა ბათუმის შოთა რუსთაველის სახელმწიფო უნივერსიტეტის მთავარი ბიბლიოთეკა წიგნსაცავი 2018-12-17 15.00 81(063(479.223+008(063)(079.223) ლ–63 3108 2018-12-17 3108 2018-12-17 წიგნი 15 ლ.
          ბათუმის შოთა რუსთაველის სახელმწიფო უნივერსიტეტის მთავარი ბიბლიოთეკა ბათუმის შოთა რუსთაველის სახელმწიფო უნივერსიტეტის მთავარი ბიბლიოთეკა წიგნსაცავი 2018-12-17 15.00 81(063(479.223+008(063)(079.223) ლ–63 3109 2018-12-17 3109 2018-12-17 წიგნი 15 ლ.
          ბათუმის შოთა რუსთაველის სახელმწიფო უნივერსიტეტის მთავარი ბიბლიოთეკა ბათუმის შოთა რუსთაველის სახელმწიფო უნივერსიტეტის მთავარი ბიბლიოთეკა წიგნსაცავი 2018-12-17 15.00 81(063(479.223+008(063)(079.223) ლ–63 3110 2018-12-17 3110 2018-12-17 წიგნი 15 ლ.
          ბათუმის შოთა რუსთაველის სახელმწიფო უნივერსიტეტის მთავარი ბიბლიოთეკა ბათუმის შოთა რუსთაველის სახელმწიფო უნივერსიტეტის მთავარი ბიბლიოთეკა წიგნსაცავი 2018-12-17 15.00 81(063(479.223+008(063)(079.223) ლ–63 3111 2018-12-17 3111 2018-12-17 წიგნი 15 ლ.
          ბათუმის შოთა რუსთაველის სახელმწიფო უნივერსიტეტის მთავარი ბიბლიოთეკა ბათუმის შოთა რუსთაველის სახელმწიფო უნივერსიტეტის მთავარი ბიბლიოთეკა წიგნსაცავი 2018-12-17 15.00 81(063(479.223+008(063)(079.223) ლ–63 4483 2018-12-17 4483 2018-12-17 წიგნი 15 ლ.